000 00674cab a2200205 4500
001 WB2738-05
008 090401t1991 xxu||||| |||| 00| 0 eng d
035 _a(Sirsi) u1440
041 _aeng
245 _aCrackdown against late payments
260 _c1991
350 _a0
490 _aContract Journal
_v360(5840) 26 September 1991, 1(1)
520 _aJohn Major is set to reconsider legislation which would guarantee prompt payment to subcontractors, following renewed pressure from small businesses across the country.
650 _aPAYMENT
650 _aSUBCONTRACTORS
690 _aBUILT ENVIRONMENT-BUILDING CONTRACT FORMS
942 _n0
948 _c04/03/1997
999 _c800
_d800